[Event "RA March op"]
[Site "Ottawa CAN"]
[Date "2017.03.03"]
[Round "1"]
[White "Sambuev, Bator"]
[Black "Demchenko, Svitlana"]
[Result "1-0"]
[WhiteElo "2599"]
[BlackElo "2003"]
[WhiteFideId "-1"]
[WhiteFideId "-1"]
[PlyCount "89"]
[GameId "2160767908478370"]
[EventDate "2017.03.03"]
[EventType "swiss"]
[EventRounds "5"]
[EventCountry "CAN"]
[SourceTitle "EXT 2022"]
[Source "ChessBase"]
[SourceDate "2021.10.06"]
[SourceVersion "1"]
[SourceVersionDate "2021.10.06"]
[SourceQuality "1"]

1. d4 Nf6 2. Nf3 g6 3. c4 Bg7 4. Nc3 d6 5. e4 O-O 6. Be2 Nbd7 7. O-O e5 8. Qc2 a5 9. Rd1 exd4 10. Nxd4 Re8 11. Ndb5 Nc5 12. f3 Bd7 13. Bg5 h6 14. Be3 b6 15. Qd2 Kh7 16. Rab1 Ng8 17. Nd5 Bxb5 18. cxb5 Ne7 19. Bc4 f5 20. Bd4 Nxd5 21. Bxd5 Rb8 22. Bc6 Bxd4+ 23. Qxd4 Rf8 24. e5 Ne6 25. Qc4 Nc5 26. Qd5 Qe7 27. exd6 Qxd6 28. Qxd6 cxd6 29. Rxd6 Rfd8 30. Rbd1 Rxd6 31. Rxd6 Na4 32. b3 Nc3 33. a4 Kg7 34. Kf2 Rf8 35. Ke3 Rf6 36. Rd7+ Rf7 37. Kd4 Ne2+ 38. Ke5 Rxd7 39. Bxd7 Kf7 40. Kd6 Nd4 41. Bc6 Kf6 42. Bd5 Nc2 43. Kc7 Ke5 44. Bc4 Kd4 45. Kxb6 1-0

[Event "RA March op"]
[Site "Ottawa CAN"]
[Date "2017.03.03"]
[Round "2"]
[White "Marinkovic, Mate"]
[Black "Doubleday, William"]
[Result "1/2-1/2"]
[WhiteElo "2130"]
[BlackElo "2028"]
[WhiteFideId "-1"]
[WhiteFideId "-1"]
[PlyCount "38"]
[GameId "2160767908478371"]
[EventDate "2017.03.03"]
[EventType "swiss"]
[EventRounds "5"]
[EventCountry "CAN"]
[SourceTitle "EXT 2022"]
[Source "ChessBase"]
[SourceDate "2021.10.06"]
[SourceVersion "1"]
[SourceVersionDate "2021.10.06"]
[SourceQuality "1"]

1. c4 e6 2. g3 d5 3. Nf3 dxc4 4. Qa4+ Nd7 5. Qxc4 a6 6. d4 c5 7. Be3 b5 8. Qc2 cxd4 9. Bxd4 Bb7 10. a3 Ngf6 11. Bg2 Rc8 12. Nc3 Bc5 13. Rd1 Qb6 14. O-O O-O 15. e3 Bxd4 16. Rxd4 Nc5 17. Qb1 Nb3 18. Rd3 Nc5 19. Rd4 Nb3 1/2-1/2

[Event "RA March op"]
[Site "Ottawa CAN"]
[Date "2017.03.04"]
[Round "2"]
[White "Cova, Ramon"]
[Black "Sambuev, Bator"]
[Result "0-1"]
[WhiteElo "2085"]
[BlackElo "2599"]
[WhiteFideId "-1"]
[WhiteFideId "-1"]
[PlyCount "154"]
[GameId "2160767908478372"]
[EventDate "2017.03.03"]
[EventType "swiss"]
[EventRounds "5"]
[EventCountry "CAN"]
[SourceTitle "EXT 2022"]
[Source "ChessBase"]
[SourceDate "2021.10.06"]
[SourceVersion "1"]
[SourceVersionDate "2021.10.06"]
[SourceQuality "1"]

1. d4 e6 2. Nf3 c5 3. e3 Nf6 4. Bd3 b6 5. Qe2 Bb7 6. b3 Be7 7. Bb2 O-O 8. Nbd2 d6 9. O-O Nbd7 10. Rad1 Qc7 11. c4 Rfe8 12. Bb1 Bf8 13. dxc5 Qxc5 14. Qd3 a6 15. Qd4 Qxd4 16. Bxd4 b5 17. Bb2 Rec8 18. Rc1 bxc4 19. Nxc4 a5 20. Rfd1 d5 21. Nce5 Nc5 22. Nd4 a4 23. f3 axb3 24. Nxb3 Ne8 25. Kf2 Na4 26. Bd4 Ba3 27. Rxc8 Rxc8 28. Na5 Ba6 29. Bd3 Bxd3 30. Rxd3 Rc2+ 31. Kg3 Bd6 32. Kh3 f6 33. Nec6 Nc7 34. Rb3 e5 35. Ba7 Ne6 36. Rb7 d4 37. Ne7+ Kf8 38. Nf5 Bc7 39. Bb8 g6 40. Bxc7 gxf5 41. Bd6+ Kg8 42. exd4 Nf4+ 43. Kh4 Ng6+ 44. Kh3 exd4 45. Rb4 Nc3 46. Rxd4 Ne2 47. Rc4 Rd2 48. Bc7 h5 49. Nb3 Rb2 50. Bb6 Nef4+ 51. Rxf4 Nxf4+ 52. Kg3 Nxg2 53. Bd4 Rxa2 54. Bxf6 Kf7 55. Bg5 Ne1 56. Nd4 Rg2+ 57. Kf4 Kg6 58. h4 Nd3+ 59. Ke3 Nb4 60. f4 Nc2+ 61. Nxc2 Rxc2 62. Kd3 Ra2 63. Kd4 Ra5 64. Kc4 Kf7 65. Kb4 Rd5 66. Kc4 Ke6 67. Bh6 Kd6 68. Bf8+ Kc6 69. Be7 Rd1 70. Bg5 Re1 71. Kd4 Re4+ 72. Kd3 Kd5 73. Bh6 Ra4 74. Kc3 Ra3+ 75. Kb4 Rf3 76. Bg5 Ke4 77. Kc4 Rxf4 0-1

[Event "RA March op"]
[Site "Ottawa CAN"]
[Date "2017.03.04"]
[Round "2"]
[White "Kellar, Ben"]
[Black "Gordon, David"]
[Result "1/2-1/2"]
[WhiteElo "2115"]
[BlackElo "2237"]
[WhiteFideId "-1"]
[WhiteFideId "-1"]
[PlyCount "79"]
[GameId "2160767908478373"]
[EventDate "2017.03.03"]
[EventType "swiss"]
[EventRounds "5"]
[EventCountry "CAN"]
[SourceTitle "EXT 2022"]
[Source "ChessBase"]
[SourceDate "2021.10.06"]
[SourceVersion "1"]
[SourceVersionDate "2021.10.06"]
[SourceQuality "1"]

1. d4 Nf6 2. Nf3 c5 3. e3 d5 4. c4 e6 5. Nc3 a6 6. b3 cxd4 7. exd4 Bb4 8. Bd2 Nc6 9. a3 Be7 10. cxd5 Nxd5 11. Nxd5 Qxd5 12. Bc4 Qd6 13. Bc3 Bf6 14. O-O O-O 15. Qd2 b5 16. Bd3 Bb7 17. Rfd1 h6 18. Bc2 Rfd8 19. Qd3 g6 20. Qe3 Bg7 21. h4 Ne7 22. Ba5 Nd5 23. Qd2 Rd7 24. Be4 f5 25. Bxd5 Qxd5 26. Qe3 Qe4 27. Qxe4 Bxe4 28. Ne5 Bxe5 29. dxe5 Rxd1+ 30. Rxd1 Bc2 31. Rd8+ Rxd8 32. Bxd8 Bxb3 33. f4 Kf7 34. Kf2 Ke8 35. Ba5 Kd7 36. Ke3 Kc6 37. Kd4 Bd1 38. g3 Bf3 39. Bd8 Bd5 40. Ba5 1/2-1/2

[Event "RA March op"]
[Site "Ottawa CAN"]
[Date "2017.03.04"]
[Round "2"]
[White "Mahdjoubi, Abdelaziz"]
[Black "Couture, Jonathan"]
[Result "0-1"]
[WhiteElo "1950"]
[BlackElo "2015"]
[WhiteFideId "-1"]
[WhiteFideId "-1"]
[PlyCount "115"]
[GameId "2160767908478374"]
[EventDate "2017.03.03"]
[EventType "swiss"]
[EventRounds "5"]
[EventCountry "CAN"]
[SourceTitle "EXT 2022"]
[Source "ChessBase"]
[SourceDate "2021.10.06"]
[SourceVersion "1"]
[SourceVersionDate "2021.10.06"]
[SourceQuality "1"]

1. e4 g6 2. d4 Bg7 3. Nf3 d6 4. Nc3 a6 5. Bc4 e6 6. Bg5 Ne7 7. Qd2 h6 8. Bh4 Nd7 9. Bb3 b5 10. a4 b4 11. Ne2 a5 12. Nf4 Rg8 13. O-O-O g5 14. Nh5 Nf8 15. Bg3 Nh7 16. h4 Ng6 17. Kb1 Bf8 18. hxg5 hxg5 19. Nh2 Qe7 20. Qd3 Bd7 21. Ng4 Bg7 22. e5 Kd8 23. exd6 cxd6 24. Rhe1 Ra7 25. Ne3 Qf8 26. Nc4 d5 27. Ne5 Nxe5 28. dxe5 f5 29. exf6 Nxf6 30. Nxg7 Rxg7 31. Be5 Rf7 32. Bd4 Ra8 33. Bb6+ Kc8 34. Qg3 Ne8 35. Bxd5 exd5 36. Rxd5 Kb7 37. Bc5 Qh6 38. Rxg5 Bxa4 39. Rg6 Qd2 40. Rb6+ Kc8 41. Rbe6 Qxc2+ 42. Ka1 Rc7 43. Qg8 Kb7 44. Rb6+ Ka7 45. Be3 Rac8 46. Rc6+ Kb7 47. Rxc2 Rxc2 48. Qd5+ Bc6 49. Qf7+ Rc7 50. Qg6 b3 51. g3 Rg7 52. Qd3 a4 53. Bf4 Rd7 54. Qe3 Nc7 55. Rc1 Nd5 56. Qe1 Re7 57. Qa5 Ree2 58. Rb1 0-1

[Event "RA March op"]
[Site "Ottawa CAN"]
[Date "2017.03.04"]
[Round "2"]
[White "Tanaka, Tyler"]
[Black "Donev, Danail"]
[Result "0-1"]
[WhiteElo "2015"]
[BlackElo "1945"]
[WhiteFideId "-1"]
[WhiteFideId "-1"]
[PlyCount "46"]
[GameId "2160767908478375"]
[EventDate "2017.03.03"]
[EventType "swiss"]
[EventRounds "5"]
[EventCountry "CAN"]
[SourceTitle "EXT 2022"]
[Source "ChessBase"]
[SourceDate "2021.10.06"]
[SourceVersion "1"]
[SourceVersionDate "2021.10.06"]
[SourceQuality "1"]

1. e4 c5 2. Nf3 d6 3. d4 cxd4 4. Nxd4 Nf6 5. Nc3 a6 6. Bg5 e6 7. f4 Qc7 8. Qf3 b5 9. Bxf6 gxf6 10. f5 b4 11. fxe6 bxc3 12. Qxf6 cxb2 13. Rb1 Qc3+ 14. Kf2 Bxe6 15. Qxh8 Nc6 16. Nxe6 Qxh8 17. Nc7+ Kd8 18. Nxa8 Qd4+ 19. Kg3 Qe3+ 20. Kg4 Be7 21. h4 Ne5+ 22. Kh5 Qxe4 23. Bd3 Nxd3 0-1

[Event "RA March op"]
[Site "Ottawa CAN"]
[Date "2017.03.04"]
[Round "3"]
[White "Doubleday, William"]
[Black "Kellar, Ben"]
[Result "1-0"]
[WhiteElo "2028"]
[BlackElo "2115"]
[WhiteFideId "-1"]
[WhiteFideId "-1"]
[PlyCount "55"]
[GameId "2160767908478376"]
[EventDate "2017.03.03"]
[EventType "swiss"]
[EventRounds "5"]
[EventCountry "CAN"]
[SourceTitle "EXT 2022"]
[Source "ChessBase"]
[SourceDate "2021.10.06"]
[SourceVersion "1"]
[SourceVersionDate "2021.10.06"]
[SourceQuality "1"]

1. d4 d5 2. c4 c6 3. e3 Nf6 4. Nc3 e6 5. Nf3 Nbd7 6. b3 a6 7. Bd3 dxc4 8. bxc4 b5 9. O-O Bb7 10. c5 Be7 11. Qc2 Qc7 12. Bb2 O-O-O 13. Rfc1 h6 14. e4 g5 15. e5 Nd5 16. Ne4 Rdf8 17. Bc3 f5 18. Nd6+ Kb8 19. Rcb1 g4 20. Ne1 f4 21. a4 Bxd6 22. exd6 Qd8 23. axb5 axb5 24. Bxb5 cxb5 25. Rxb5 N7b6 26. Ba5 g3 27. Bxb6 gxf2+ 28. Qxf2 1-0

[Event "RA March op"]
[Site "Ottawa CAN"]
[Date "2017.03.04"]
[Round "3"]
[White "Uthayakumar, Ronan"]
[Black "Gordon, David"]
[Result "0-1"]
[WhiteElo "1849"]
[BlackElo "2315"]
[WhiteFideId "-1"]
[WhiteFideId "-1"]
[PlyCount "70"]
[GameId "2160767908478378"]
[EventDate "2017.03.03"]
[EventType "swiss"]
[EventRounds "5"]
[EventCountry "CAN"]
[SourceTitle "EXT 2022"]
[Source "ChessBase"]
[SourceDate "2021.10.06"]
[SourceVersion "1"]
[SourceVersionDate "2021.10.06"]
[SourceQuality "1"]

1. e4 c5 2. Nf3 Nc6 3. d4 cxd4 4. Nxd4 e5 5. Nb5 d6 6. N1c3 a6 7. Na3 Be7 8. Nd5 Nf6 9. Nxe7 Nxe7 10. Nc4 Nxe4 11. Qd3 Bf5 12. Qf3 f6 13. Bd3 d5 14. O-O dxc4 15. Bxe4 Bxe4 16. Qxe4 Qd5 17. Qg4 Kf7 18. Rd1 Qe6 19. Qe4 b5 20. Be3 f5 21. Qb7 Rhb8 22. Qc7 Rc8 23. Qb7 Qc6 24. Rd7 Qxb7 25. Rxb7 f4 26. Bb6 Ke6 27. Rd1 Rab8 28. Rdd7 Rxb7 29. Rxb7 Rc6 30. Bd8 Nf5 31. Kf1 Rd6 32. Bc7 Rd2 33. Rb6+ Kd5 34. Rxa6 Rxc2 35. b3 cxb3 0-1

[Event "RA March op"]
[Site "Ottawa CAN"]
[Date "2017.03.04"]
[Round "3"]
[White "Valdizon, Armando"]
[Black "Villeneuve, Robert"]
[Result "1/2-1/2"]
[WhiteElo "2102"]
[BlackElo "1863"]
[WhiteFideId "-1"]
[WhiteFideId "-1"]
[PlyCount "100"]
[GameId "2160767908478379"]
[EventDate "2017.03.03"]
[EventType "swiss"]
[EventRounds "5"]
[EventCountry "CAN"]
[SourceTitle "EXT 2022"]
[Source "ChessBase"]
[SourceDate "2021.10.06"]
[SourceVersion "1"]
[SourceVersionDate "2021.10.06"]
[SourceQuality "1"]

1. d4 d5 2. c4 c6 3. Nf3 Nf6 4. g3 dxc4 5. Bg2 c5 6. Qa4+ Nc6 7. Ne5 Bd7 8. Nxd7 Nxd7 9. dxc5 e6 10. O-O Bxc5 11. Qxc4 Rc8 12. Nc3 O-O 13. Ne4 Be7 14. Be3 Nb4 15. Qb3 Nc2 16. Rad1 Nxe3 17. Qxe3 Qc7 18. Qxa7 Ra8 19. Qd4 Rfd8 20. a3 Nf6 21. Qc3 Qb6 22. Rxd8+ Rxd8 23. b4 Nxe4 24. Bxe4 Bf6 25. Qc2 g6 26. Kg2 Ra8 27. Qb3 Qb5 28. e3 Ra7 29. Rc1 b6 30. Bc6 Qa6 31. a4 Rc7 32. Rc2 Qc8 33. b5 Ra7 34. Rc4 Qb8 35. Qc2 Rc7 36. Qd2 Ra7 37. Qc2 Rc7 38. f4 Rc8 39. Kf3 Rd8 40. Ke2 Be7 41. Be4 Bd6 42. Bc6 Be7 43. Qc3 Qd6 44. Rd4 Qc7 45. Rc4 Qd6 46. Qc2 Qa3 47. Rc3 Qa1 48. Rd3 Rxd3 49. Kxd3 Bc5 50. Bf3 Qa3+ 1/2-1/2

[Event "RA March op"]
[Site "Ottawa CAN"]
[Date "2017.03.05"]
[Round "4"]
[White "Cova, Ramon"]
[Black "Villeneuve, Robert"]
[Result "0-1"]
[WhiteElo "2085"]
[BlackElo "1863"]
[WhiteFideId "-1"]
[WhiteFideId "-1"]
[PlyCount "28"]
[GameId "2160767908478381"]
[EventDate "2017.03.03"]
[EventType "swiss"]
[EventRounds "5"]
[EventCountry "CAN"]
[SourceTitle "EXT 2022"]
[Source "ChessBase"]
[SourceDate "2021.10.06"]
[SourceVersion "1"]
[SourceVersionDate "2021.10.06"]
[SourceQuality "1"]

1. e4 c5 2. Nc3 Nc6 3. f4 e6 4. Nf3 d5 5. Bb5 Nge7 6. exd5 Nxd5 7. Bxc6+ bxc6 8. d3 Bd6 9. g3 Nxc3 10. bxc3 O-O 11. c4 Rb8 12. O-O e5 13. fxe5 Bxe5 14. Nxe5 Qd4+ 0-1

[Event "RA March op"]
[Site "Ottawa CAN"]
[Date "2017.03.05"]
[Round "4"]
[White "Donev, Danail"]
[Black "Mahdjoubi, Abdelaziz"]
[Result "1-0"]
[WhiteElo "1945"]
[BlackElo "1950"]
[WhiteFideId "-1"]
[WhiteFideId "-1"]
[PlyCount "55"]
[GameId "2160767908478382"]
[EventDate "2017.03.03"]
[EventType "swiss"]
[EventRounds "5"]
[EventCountry "CAN"]
[SourceTitle "EXT 2022"]
[Source "ChessBase"]
[SourceDate "2021.10.06"]
[SourceVersion "1"]
[SourceVersionDate "2021.10.06"]
[SourceQuality "1"]

1. e4 e5 2. Nf3 Nc6 3. Bc4 Bc5 4. b4 Bxb4 5. c3 Bc5 6. d4 exd4 7. O-O Nf6 8. e5 d5 9. exf6 dxc4 10. Re1+ Be6 11. fxg7 Rg8 12. Bg5 Qd5 13. cxd4 Nxd4 14. Ne5 Rxg7 15. Nc3 Ne2+ 16. Qxe2 Qd4 17. Nb5 Qxf2+ 18. Qxf2 Bxf2+ 19. Kxf2 Rxg5 20. Nxc7+ Ke7 21. Nxa8 Kd6 22. Rad1+ Kc5 23. Nc7 Rf5+ 24. Kg1 b5 25. Nxe6+ fxe6 26. a3 a5 27. Nd7+ Kc6 28. Rxe6+ 1-0

[Event "RA March op"]
[Site "Ottawa CAN"]
[Date "2017.03.05"]
[Round "4"]
[White "Gordon, David"]
[Black "Sambuev, Bator"]
[Result "0-1"]
[WhiteElo "2315"]
[BlackElo "2599"]
[WhiteFideId "-1"]
[WhiteFideId "-1"]
[PlyCount "94"]
[GameId "2160767908478383"]
[EventDate "2017.03.03"]
[EventType "swiss"]
[EventRounds "5"]
[EventCountry "CAN"]
[SourceTitle "EXT 2022"]
[Source "ChessBase"]
[SourceDate "2021.10.06"]
[SourceVersion "1"]
[SourceVersionDate "2021.10.06"]
[SourceQuality "1"]

1. d4 e6 2. e4 d5 3. Nd2 c5 4. exd5 exd5 5. Ngf3 Nf6 6. Bb5+ Bd7 7. Qe2+ Be7 8. dxc5 O-O 9. O-O Bxc5 10. Nb3 Re8 11. Qd3 Bb6 12. Bg5 Bxb5 13. Qxb5 Nbd7 14. a4 a6 15. Qb4 Re4 16. Qd6 h6 17. Bxf6 Nxf6 18. Qxd8+ Rxd8 19. Rfd1 Ng4 20. Nfd4 Ne5 21. f3 Re3 22. Kf1 Nc4 23. Re1 Rde8 24. Nf5 Rxe1+ 25. Rxe1 Rxe1+ 26. Kxe1 Kf8 27. Ke2 h5 28. h3 g6 29. a5 Ba7 30. Nfd4 Nxb2 31. g4 hxg4 32. hxg4 Ke7 33. c3 Kd6 34. f4 Na4 35. Kd3 Nc5+ 36. Nxc5 Bxc5 37. Nf3 Ke6 38. Ng5+ Ke7 39. f5 gxf5 40. gxf5 Kf6 41. Nf3 Kxf5 42. c4 Kf4 43. Nd2 Bb4 44. Nb3 Ke5 45. c5 f6 46. Ke3 f5 47. Kd3 f4 0-1

[Event "RA March op"]
[Site "Ottawa CAN"]
[Date "2017.03.05"]
[Round "5"]
[White "Doubleday, William"]
[Black "Donev, Danail"]
[Result "1-0"]
[WhiteElo "2028"]
[BlackElo "1945"]
[WhiteFideId "-1"]
[WhiteFideId "-1"]
[PlyCount "77"]
[GameId "2160767908478385"]
[EventDate "2017.03.03"]
[EventType "swiss"]
[EventRounds "5"]
[EventCountry "CAN"]
[SourceTitle "EXT 2022"]
[Source "ChessBase"]
[SourceDate "2021.10.06"]
[SourceVersion "1"]
[SourceVersionDate "2021.10.06"]
[SourceQuality "1"]

1. d4 Nf6 2. c4 g6 3. Nc3 Bg7 4. e4 d6 5. h3 O-O 6. Bg5 e5 7. d5 Nbd7 8. Bd3 h6 9. Be3 Ne8 10. Qd2 Kh7 11. g4 Nc5 12. Bc2 Bd7 13. Nge2 Rb8 14. b4 Na6 15. a3 b6 16. O-O-O c5 17. dxc6 Be6 18. Nd5 Qc8 19. f3 Nac7 20. h4 Qa6 21. Qd3 b5 22. c5 Qxc6 23. Ne7 Qd7 24. cxd6 Na6 25. Nc3 Bc4 26. Qd2 Ra8 27. h5 g5 28. Kb2 Nb8 29. Bb3 a5 30. Bxc4 axb4 31. Nxb5 bxa3+ 32. Ka2 Ra4 33. Be2 Na6 34. Rb1 Qe6+ 35. Nd5 Nxd6 36. Nxd6 Qxd6 37. Bxa6 Qxa6 38. Rhc1 Rc4 39. Qd3 1-0

[Event "RA March op"]
[Site "Ottawa CAN"]
[Date "2017.03.05"]
[Round "5"]
[White "Mahdjoubi, Abdelaziz"]
[Black "Kuryliw, Ray"]
[Result "1-0"]
[WhiteElo "1950"]
[BlackElo "1884"]
[WhiteFideId "-1"]
[WhiteFideId "-1"]
[PlyCount "53"]
[GameId "2160767908478387"]
[EventDate "2017.03.03"]
[EventType "swiss"]
[EventRounds "5"]
[EventCountry "CAN"]
[SourceTitle "EXT 2022"]
[Source "ChessBase"]
[SourceDate "2021.10.06"]
[SourceVersion "1"]
[SourceVersionDate "2021.10.06"]
[SourceQuality "1"]

1. e4 e5 2. Nf3 Nc6 3. Bb5 a6 4. Ba4 Nf6 5. O-O b5 6. Bb3 Be7 7. Re1 d6 8. c3 O-O 9. d3 Na5 10. Bc2 c5 11. Nbd2 Nc6 12. Nf1 Qc7 13. Ng3 a5 14. Qe2 b4 15. Nh4 g6 16. f4 Nh5 17. Nxg6 fxg6 18. Nxh5 gxh5 19. f5 Bf6 20. Bb3+ Kh8 21. Qxh5 Ra7 22. Bh6 Bg7 23. Re3 a4 24. Bd5 Nd8 25. Rg3 Bxh6 26. Qxh6 Re8 27. Qf6+ 1-0

[Event "RA March op"]
[Site "Ottawa CAN"]
[Date "2017.03.05"]
[Round "5"]
[White "Sambuev, Bator"]
[Black "Villeneuve, Robert"]
[Result "1-0"]
[WhiteElo "2599"]
[BlackElo "1863"]
[WhiteFideId "-1"]
[WhiteFideId "-1"]
[PlyCount "106"]
[GameId "2160767908478388"]
[EventDate "2017.03.03"]
[EventType "swiss"]
[EventRounds "5"]
[EventCountry "CAN"]
[SourceTitle "EXT 2022"]
[Source "ChessBase"]
[SourceDate "2021.10.06"]
[SourceVersion "1"]
[SourceVersionDate "2021.10.06"]
[SourceQuality "1"]

1. c4 Nf6 2. g3 g6 3. Bg2 Bg7 4. Nc3 O-O 5. e4 c5 6. Nge2 Nc6 7. O-O Ne8 8. f4 f5 9. d3 d6 10. Nd5 Rb8 11. Rb1 Bd7 12. b4 e6 13. b5 exd5 14. bxc6 bxc6 15. Rxb8 Qxb8 16. exd5 cxd5 17. Bxd5+ Kh8 18. d4 cxd4 19. Nxd4 Nf6 20. Bf3 Rc8 21. Qb3 Ng4 22. Rd1 Qc7 23. Bxg4 fxg4 24. Nb5 Qxc4 25. Nxd6 Qxb3 26. axb3 Rf8 27. Be3 a6 28. Bd4 Bxd4+ 29. Rxd4 Kg7 30. Nc4 Bb5 31. Ne5 h5 32. Rd6 Rf6 33. Rd4 g5 34. Kf2 Re6 35. Nc4 gxf4 36. gxf4 Kf6 37. Ne5 Kf5 38. Kg3 h4+ 39. Kxh4 Rh6+ 40. Kg3 Rh3+ 41. Kg2 Rxb3 42. Nc4 Bc6+ 43. Kg1 Rc3 44. Nd6+ Ke6 45. Rd2 a5 46. f5+ Ke5 47. Nc8 Be4 48. Nb6 Kxf5 49. Ra2 Rc5 50. Kf2 Kf4 51. Nd7 Rh5 52. Kg1 g3 53. Nb6 Rb5 1-0

[Event "RA March op"]
[Site "Ottawa CAN"]
[Date "2017.03.05"]
[Round "5"]
[White "Valdizon, Armando"]
[Black "Kellar, Ben"]
[Result "1-0"]
[WhiteElo "2102"]
[BlackElo "2115"]
[WhiteFideId "-1"]
[WhiteFideId "-1"]
[PlyCount "91"]
[GameId "2160767908478389"]
[EventDate "2017.03.03"]
[EventType "swiss"]
[EventRounds "5"]
[EventCountry "CAN"]
[SourceTitle "EXT 2022"]
[Source "ChessBase"]
[SourceDate "2021.10.06"]
[SourceVersion "1"]
[SourceVersionDate "2021.10.06"]
[SourceQuality "1"]

1. d4 d5 2. c4 c6 3. Nf3 Nf6 4. g3 g6 5. Bg2 Bg7 6. O-O O-O 7. Nc3 Na6 8. cxd5 cxd5 9. Qb3 Nc7 10. Bf4 e6 11. Rfc1 Nce8 12. Qa3 Nh5 13. Bg5 f6 14. Bd2 f5 15. Bg5 Nhf6 16. Bf4 Ne4 17. Rc2 Bd7 18. Rac1 Bc6 19. Ne5 Bxe5 20. Bxe5 N4d6 21. b3 a6 22. Na4 Qe7 23. Rxc6 bxc6 24. Rxc6 Nc8 25. Qxe7 Nxe7 26. Rxe6 Kf7 27. Rb6 g5 28. Rb7 Nf6 29. Bxf6 Kxf6 30. Nb6 Rac8 31. Nxc8 Rxc8 32. Rb6+ Rc6 33. Rxc6+ Nxc6 34. Bxd5 Nxd4 35. Bc4 a5 36. f4 g4 37. Kf2 Nc2 38. e3 Nb4 39. a3 Nc2 40. a4 Nb4 41. Ke2 h6 42. Kd2 Ke7 43. Kc3 Kd6 44. Bg8 Na6 45. Bh7 Ke6 46. Kc4 1-0

[Event "RA Winter op"]
[Site "Ottawa CAN"]
[Date "2017.01.13"]
[Round "1"]
[White "Demchenko, Svitlana"]
[Black "Valdizon, Armando"]
[Result "0-1"]
[WhiteElo "2003"]
[BlackElo "2102"]
[WhiteFideId "-1"]
[WhiteFideId "-1"]
[PlyCount "110"]
[GameId "2160767908478943"]
[EventDate "2017.01.13"]
[EventType "swiss"]
[EventRounds "5"]
[EventCountry "CAN"]

1. e4 e6 2. d3 d5 3. Nd2 c5 4. g3 Nc6 5. Bg2 Nf6 6. Ne2 Be7 7. O-O b6 8. f4 Bb7 9. e5 Nd7 10. c4 d4 11. Nf3 Qc7 12. a3 a5 13. Bd2 a4 14. g4 O-O 15. Ng3 Rfe8 16. Qe2 Bf8 17. Rae1 Na5 18. Ng5 Nb3 19. Bc1 Rab8 20. Be4 g6 21. Qg2 Nxc1 22. Rxc1 h6 23. Nh3 Bxe4 24. Nxe4 b5 25. g5 h5 26. Nf6+ Nxf6 27. gxf6 b4 28. Rc2 bxa3 29. bxa3 Rb3 30. f5 exf5 31. Nf4 Kh7 32. e6 Bh6 33. Nd5 Qb7 34. e7 Rxd3 35. Rb2 Rb3 36. Rfb1 Rb8 37. Rxb3 axb3 38. Qe2 Be3+ 39. Kf1 f4 40. Qd3 Qd7 41. Nxe3 Qh3+ 42. Ke1 Qf3 43. Rxb3 Rxb3 44. Qxb3 fxe3 45. Qd3 Qh1+ 46. Ke2 Qxh2+ 47. Kd1 Qe5 48. a4 h4 49. Qe2 Qe4 50. Qc2 d3 51. Qh2 Qd4 52. Qa2 Qe5 53. a5 h3 54. e8=N Qxe8 55. Qh2 Qa4+ 0-1

[Event "RA Winter op"]
[Site "Ottawa CAN"]
[Date "2017.01.13"]
[Round "1"]
[White "Gordon, David"]
[Black "Cova, Ramon"]
[Result "1-0"]
[WhiteElo "2237"]
[BlackElo "2085"]
[WhiteFideId "-1"]
[WhiteFideId "-1"]
[PlyCount "85"]
[GameId "2160767908478944"]
[EventDate "2017.01.13"]
[EventType "swiss"]
[EventRounds "5"]
[EventCountry "CAN"]

1. d4 d5 2. Bf4 Bf5 3. e3 e6 4. Nf3 Nf6 5. c4 c6 6. Qb3 Qb6 7. c5 Qxb3 8. axb3 Nbd7 9. b4 Nh5 10. Nc3 Nxf4 11. exf4 Be7 12. b5 O-O 13. b4 Rfc8 14. Kd2 Nf6 15. Ne5 Ne4+ 16. Nxe4 Bxe4 17. f3 f6 18. bxc6 bxc6 19. Nxc6 Rxc6 20. fxe4 Rc7 21. exd5 exd5 22. f5 Bf8 23. Bd3 g6 24. g4 Bh6+ 25. Kc3 Kf7 26. Rhe1 Bf4 27. Re6 gxf5 28. Bxf5 h6 29. Raa6 Bg5 30. Red6 Re8 31. Be6+ Kg6 32. Rxd5 Rce7 33. Rdd6 Bf4 34. Bf5+ Kf7 35. Rxf6+ Kg7 36. h4 Re3+ 37. Kc4 Re1 38. Rg6+ Kf8 39. Rxa7 Rc1+ 40. Kb5 Rb8+ 41. Kc6 Rxb4 42. Rf6+ Ke8 43. Bg6+ 1-0

[Event "RA Winter op"]
[Site "Ottawa CAN"]
[Date "2017.01.14"]
[Round "2"]
[White "Kellar, Ben"]
[Black "Gordon, David"]
[Result "0-1"]
[WhiteElo "2115"]
[BlackElo "2237"]
[WhiteFideId "-1"]
[WhiteFideId "-1"]
[PlyCount "112"]
[GameId "2160767908478945"]
[EventDate "2017.01.13"]
[EventType "swiss"]
[EventRounds "5"]
[EventCountry "CAN"]

1. c4 Nf6 2. g3 e6 3. Bg2 Be7 4. Nf3 b6 5. O-O Bb7 6. d4 O-O 7. Nc3 Ne4 8. Qd3 d5 9. b3 dxc4 10. bxc4 Nxc3 11. Qxc3 c5 12. e3 Nd7 13. Bb2 Bf6 14. Rfd1 Qc7 15. Rac1 Rac8 16. Qb3 Rfd8 17. Nd2 Bxg2 18. Kxg2 Qb7+ 19. f3 cxd4 20. exd4 Bg5 21. Rc2 Be7 22. Ne4 Nc5 23. Nxc5 Bxc5 24. Rcd2 Be7 25. h4 Bf6 26. d5 Bxb2 27. Rxb2 Rd6 28. Rbd2 Rcd8 29. a4 Qc7 30. Rd4 Qc5 31. h5 Kf8 32. Qd3 g6 33. h6 a6 34. Qe4 exd5 35. Rxd5 Rxd5 36. Rxd5 Rxd5 37. cxd5 b5 38. axb5 axb5 39. f4 Qc3 40. f5 gxf5 41. Qxf5 Qd2+ 42. Kf3 Qxh6 43. Qc8+ Kg7 44. Qc6 Qf6+ 45. Ke4 b4 46. Qb5 Qg5 47. Qb6 Qg4+ 48. Kd3 Qxg3+ 49. Kc4 Qc3+ 50. Kb5 b3 51. Qg1+ Kf6 52. Qf2+ Ke5 53. Qxf7 Qd3+ 54. Kc6 Qc4+ 55. Kb6 Qb4+ 56. Kc6 Qd6+ 0-1

[Event "RA Winter op"]
[Site "Ottawa CAN"]
[Date "2017.01.14"]
[Round "3"]
[White "Donev, Danail"]
[Black "Kellar, Ben"]
[Result "0-1"]
[WhiteElo "1945"]
[BlackElo "2115"]
[WhiteFideId "-1"]
[WhiteFideId "-1"]
[PlyCount "40"]
[GameId "2160767908478946"]
[EventDate "2017.01.13"]
[EventType "swiss"]
[EventRounds "5"]
[EventCountry "CAN"]

1. e4 c5 2. Nc3 g6 3. g3 Bg7 4. Bg2 Nc6 5. d3 d6 6. f4 e6 7. Nf3 Nge7 8. O-O O-O 9. Be3 Nd4 10. e5 Nec6 11. exd6 Qxd6 12. Ne4 Qe7 13. c3 f5 14. cxd4 fxe4 15. dxe4 cxd4 16. Nxd4 Bxd4 17. Bxd4 Rd8 18. e5 Rxd4 19. Qb3 Qc5 20. Rac1 Rc4+ 0-1

[Event "RA Winter op"]
[Site "Ottawa CAN"]
[Date "2017.01.14"]
[Round "3"]
[White "Gordon, David"]
[Black "Valdizon, Armando"]
[Result "1-0"]
[WhiteElo "2237"]
[BlackElo "2102"]
[WhiteFideId "-1"]
[WhiteFideId "-1"]
[PlyCount "57"]
[GameId "2160767908478947"]
[EventDate "2017.01.13"]
[EventType "swiss"]
[EventRounds "5"]
[EventCountry "CAN"]

1. d4 d5 2. c4 e6 3. Nc3 f5 4. Nf3 Nf6 5. Bg5 Be7 6. e3 O-O 7. Bd3 c6 8. O-O h6 9. Bxf6 Bxf6 10. Qc2 Bd7 11. b4 Be8 12. Rab1 Nd7 13. b5 Bh5 14. bxc6 bxc6 15. Qa4 Bxf3 16. gxf3 c5 17. Qc6 cxd4 18. Qxe6+ Rf7 19. Nxd5 dxe3 20. fxe3 Nf8 21. Qxf5 Bh4 22. Qe4 Rc8 23. Rb2 Bf6 24. Rg2 Rc6 25. f4 Re6 26. Qf3 Be7 27. Kh1 Bc5 28. e4 Ra6 29. e5 1-0